Manual de obligaciones. / Tomo I.
Guardado en:
| Autor Principal: | |
|---|---|
| Otros Autores: | |
| Formato: | Libro |
| Idioma: | Spanish |
| Publicado: |
Santa Fé :
Rubinzal - Culzoni,
2019.
|
| Edición: | 1a. ed. rev. |
| Materias: | |
| Etiquetas: |
Agregar Etiqueta
Sin Etiquetas, Sea el primero en etiquetar este registro!
|
| LEADER | 00705nam a2200193 ia4500 | ||
|---|---|---|---|
| 001 | DER.der014929 | ||
| 008 | 231116s2019####ag############000#0#spa## | ||
| 005 | 20250220115706.0 | ||
| 245 | 1 | 0 | |a Manual de obligaciones. / |n Tomo I. |c Ramón Daniel Pizarro, Carlos Gustavo Vallespinos. |
| 250 | |a 1a. ed. rev. | ||
| 264 | 1 | |a Santa Fé : |b Rubinzal - Culzoni, |c 2019. | |
| 300 | |a 615 p. | ||
| 020 | |a 9789873013645 | ||
| 100 | 1 | |a Pizarro, Ramón Daniel. | |
| 700 | 1 | |a Vallespinos, Carlos Gustavo. | |
| 650 | 7 | |a DERECHO DE LAS OBLIGACIONES | |
| 859 | |a DERECHO |b BIB. DERECHO |h 346 |i PIZ |p 0010263 |3 Tomo I | ||
| 859 | |a DERECHO |b BIB. DERECHO |h 346 |i PIZ |p 0010526 |t 1 |3 Tomo I | ||
| 859 | |a DERECHO |b BIB. DERECHO |h 346 |i PIZ |p 0010544 |t 2 |3 Tomo I | ||
